000 01166nac a22002771u 4500
010 _a 99072431
020 _a0030210429
082 0 0 _a332.02401
_bBOO
090 _c6915
_d6915
100 _aBoone, Louis E.
245 1 0 _aPlanning your financial future /
_cLouis E. Boone, David L. Kurtz, Douglas Hearth.
250 _a2nd ed.
260 _aFort Worth, Tex. :
_bDryden Press,c2000.
_cc2000.
300 _axxiv, 568 p. :
_bill. (some col.) ;
_c26 cm. +
_e1 computer disk (3 1/2 in.).
440 4 _aThe Dryden Press series in finance
500 _aDisk includes personal finance wizard, which contains Microsoft Excel worksheets based on the paper worksheets in the book.
500 _aIncludes index.
500 _aDistributer: Al-Ahram.
511 _aCatalogued By: Mahitab.
538 _aSystem requirements for accompanying computer disk: IBM-compatible PC; Microsoft Windows 3.1 or higher; Microsoft Excel 5.0 or higher; Microsoft Word 6.0 or higher.
650 0 _aFinance, Personal.
650 0 _aInvestments.
700 1 _aKurtz, David L.
700 1 _aHearth, Douglas.
942 _cBB
_k332.02401BOO
999 _c6915
_d6915